| 000 | 00408pab a2200169 454500 | ||
|---|---|---|---|
| 008 | 180718b2009 xxu||||| |||| 00| 0 eng d | ||
| 100 | _aShaw, Richard | ||
| 245 | _aPolitics and the internet: the New Zealand research | ||
| 260 | _c2009 | ||
| 300 | _ap.5-19. | ||
| 362 | _aDec | ||
| 650 | _aInternet - New Zealand | ||
| 650 | _aInternet | ||
| 773 | _aPolitical Science | ||
| 908 | _aN | ||
| 909 | _a86183 | ||
| 999 |
_c86183 _d86183 |
||